Litologické, sedimentologické a biostratigrafické vyhodnotenie vrtu ŠVM-1 Tajná

Podrobná bibliografia
Hlavní autori: Kováč, Michal (Author), Andrejeva-Grigorovič, Aida (Author), Baráth, Ivan (Author), Beláčková, Kristína (Author), Fordinál, Klement (Author), Halásová, Eva (Author), Hók, Jozef (Author), Hudáčková, Natália (Author), Chalupová, Barbara (Author), Kováčová, Marianna (Author), Sliva, Ľubomír (Author), Šujan, Martin (Author)
Médium: Článok
Jazyk:Slovak
Témy:
Zdroj: 1. Geologické práce. Správy 1. 0433-4795 1. Č. 114 (2008), s. 51-84
LEADER 01419nab#a2200481#ar4500
001 000098539
003 SVKKK
005 20091118143842.0
008 080509c2008 xo |||||||||||||||b|slo
FMT
015 |a SNBRB2009/11 
038 |a SVKKK 
040 |a SVKKK  |b slo  |e AACR2 
041 0 |a slo  |b slo 
044 |a xo  |c SK 
080 |a 551.3.051(234.372.3)  |2 1997 
080 |a 551.782.1  |2 1997 
245 1 0 |a Litologické, sedimentologické a biostratigrafické vyhodnotenie vrtu ŠVM-1 Tajná  |c Michal Kováč ... [et al.] 
300 |b Obr., tab. 
504 |a Bibliogr. odkazy 
546 |a Res. slov. 
650 0 4 |a biostratigrafia  |x paleoekológia  |y miocén  |z Tajná (Slovensko) 
651 4 |a Dunajská panva (Slovensko)  |x paleogeografia 
700 1 |a Kováč, Michal  |4 aut 
700 1 |a Andrejeva-Grigorovič, Aida  |4 aut 
700 1 |a Baráth, Ivan  |4 aut 
700 1 |a Beláčková, Kristína  |4 aut 
700 1 |a Fordinál, Klement  |4 aut 
700 1 |a Halásová, Eva  |4 aut 
700 1 |a Hók, Jozef  |4 aut 
700 1 |a Hudáčková, Natália  |4 aut 
700 1 |a Chalupová, Barbara  |4 aut 
700 1 |a Kováčová, Marianna  |4 aut 
700 1 |a Sliva, Ľubomír  |4 aut 
700 1 |a Šujan, Martin  |4 aut 
773 0 |t Geologické práce. Správy  |x 0433-4795  |g Č. 114 (2008), s. 51-84 
958 |a NB 
974 |a Ni 
992 |a RBX 
BAS
852 |a SVKKK  |b BIB 
EXP
998 |a GEO